| 000 | 00642nac a22001451u 4500 | ||
|---|---|---|---|
| 008 | 081027s2000 xxu||||| |||| 00| 0 ara d | ||
| 082 |
_a398.9 _bم س ك |
||
| 245 |
_aالحكمة الخالدة / _cأبو علي أحمد بن محمد مسكوية ؛ تحقيق وتقديم عبد الرحمن بدوى |
||
| 246 | _aجاويدان خرد | ||
| 260 |
_aالقاهرة : _bدار الأندلس للطباعة والنشر والتوزيع ،2000 _c2000. |
||
| 300 |
_a382 ص ؛ _c24 سم. |
||
| 504 | _aيحتوي علي إرجاعات ببليوجرافية وفهارس | ||
| 511 | _aCatalogued by: Sara | ||
| 942 |
_cBB _k398.9 م س ك _2ddc |
||
| 999 |
_c5783 _d5783 |
||